| 000 | 00715nam a22002297a 4500 | ||
|---|---|---|---|
| 005 | 20170124110159.0 | ||
| 010 | _aA-550274 | ||
| 020 | _c75.00 | ||
| 035 | _aA-550274 | ||
| 037 | _bCen Lib/Ret | ||
| 040 |
_aDPL _bEN |
||
| 082 |
_a181.45 _bLOK |
||
| 100 |
_aLokeswarananda Swami _935766 |
||
| 245 |
_aThe way to God as taught by Sri Ramakrishna / _cby Lokeswarananda Swami |
||
| 260 |
_aCalcutta _bRamakrishana Mission Institute of Culture _c1992 |
||
| 270 |
_aGol Park _bCalcutta _e700029 |
||
| 300 |
_axv,457p. : _c20cm(Hb) _bill. |
||
| 500 | _aIncludes index | ||
| 650 |
_aRamakrishna Mission. _935767 |
||
| 650 |
_aRamakrishna, -- 1836-1886 _935768 |
||
| 942 |
_2ddc _cEN _h181.45 _mLOK |
||
| 999 |
_c132798 _d132798 |
||